00881cam a22002411 4500001001300000003000400013005001700017008004100034010001700075035001900092040002300111042001200134050001700146100002600163245016000189260004600349300005600395500005000451504003100501650003300532700005900565999001500624agr10001843 DLC20260227110931.0761112s19101916xx 000 0 ger  aagr10001843  a(OCoLC)2556116 aDLCcCPTdCPTdDLC apremarc00aTP958b.G4521 aGildemeister, Eduard.15aDie àˆtherischen Òˆle,cvon E. Gildemeister und Fr. Hoffmann. 2. Aufl. von E. Gildemeister. Bearb. im Auftrage der Firma Schimmel in Miltitz bei Leipzig. aMiltitz bei Leipzig,bSchimmel,c1910-16. a3v.billus., double maps, tables (in pocket)c24cm. aSeparate pamphlet of tables in pocket of v.l. aBibliographical footnotes. 0aEssences and essential oils.1 aHoffmann, Fr.q(Friedrich),d1832-1904,ejoint author. c7872d7872